Track List de "La Fête est Finie" (OrelSan - 2017) - Statistiques

Statistiques générales
  • Ce quiz a été pris 116 fois
  • Le résultat moyen est 13 sur 14
Statistiques - réponses
Hint Réponse % Correct
... / Simple / Simple / ... Basique
99%
Qu'est-ce que j'irai faire au ... ? Paradis
98%
Puisqu'on est tous réunis ici / Pour chanter "Les Démons de minuit" Défaite de famille
97%
"..." ça veut dire "trois" / "..." ça veut dire "monsieur" San
96%
... Maé, ... Maé, ... Maé, Keen V Christophe (feat. Gims)
95%
Si le monsieur dort dehors / C'est qu'il aime le bruit des voitures Tout va bien
95%
Toujours autant d' ... chez moi La Pluie (feat. Stromae)
94%
Depuis qu'j'suis p'tit, j'aime les ... / Jour et nuit, j'pensais ... / Mais j'ai jamais chopé d'... Bonne meuf
92%
J'avais ton âge y a à peu près ton âge Notes pour trop tard (feat. Ibeyi)
90%
Quand y a plus d'alcool sur le sol que dans les verres, c'est qu'il est l'heure de rentrer / Quand y a plus d'musique et t'es tout seul sur la piste, il faut qu't'arrêtes de danser La Fête est finie
86%
Laissez-moi, j'suis dans ma ... Zone (feat. Nekfeu & Dizzee Rascal)
84%
J'sais pas c'qu'ils ont glissé dans mon verre / Pour que la nuit devienne ... / J'ai vu ... , Hallelujah / Hallelujah La Lumière
80%
.............. / Entre le béton, les plaines / Dans les rues pavées du centre où tous les magasins ferment Dans ma ville, on traîne
78%
T'aimais mieux quand j'étais moins connu / Sauf que tu m'connaissais pas non plus / J'croyais qu'c'était cool d'être célèbre Quand est-ce que ça s'arrête ?
73%
Aucun quiz correspondant
Distribution des résultats
% des personnes avec chaque résultat
Percentile par nombre de réponses
Votre historique - résultats
Vous n’avez pas pris ce quiz